Word Ladder: NFL Quest Quiz Stats

 Plays Quiz Updated Sep 27, 2014

Also try: Word Ladder: NFL
Challenge
Share
Tweet
Embed
Score 0/23 Timer 02:00
1 Play Today
HINT WORD % Correct
'Til death do us ____PART
93.7%
✈ FRENCH ONION OR MINESTRONE ✈✈ SOUP ✈
92.4%
Like the losing team's grapesSOUR
89.2%
What winners do with champagnePOUR
83.3%
Mope or sulk after a big lossPOUT
80.7%
New Orleans, for examplePORT
78.6%
✈ ROSE, ORANGE, OR FIESTA ✈✈ BOWL ✈
75.9%
✈ HAPPY CAT'S COMMENT ✈✈ PURR ✈
74.2%
HenhouseCOOP
68%
Duelist Aaron or actor RaymondBURR
67.7%
Young salmonPARR
66.8%
Tim Taylor's '____ Time'TOOL
65.3%
HINT WORD % Correct
Holiday baritone ____ IvesBURL
63.9%
Prepare wings, chili, or bratwurstCOOK
63.8%
Chicago HoopsterBULL
59.6%
Falcons, Eagles, Seahawks, etc.FOWL
57.7%
✈ JOURNEY ✈✈ TRIP ✈
57%
Cotton tuftBOLL
54.8%
LaborTOIL
53.8%
Equestrian whipCROP
51.9%
Peregrin, son of Paladin ____TOOK
51.4%
Epee alternativeFOIL
49.8%
Blood's nemesisCRIP
45.7%

Today's Daily Dose

You're not logged in!

Compare scores with friends on all Sporcle quizzes.
OR
Log In

You Might Also Like...

Show Comments

Extras

Top Quizzes Today


Score Distribution

Your Account Isn't Verified!

In order to create a playlist on Sporcle, you need to verify the email address you used during registration. Go to your Sporcle Settings to finish the process.

Report this User

Report this user for behavior that violates our Community Guidelines.

Details: